000 00784nam a2200253Ia 4500
003 OSt
005 20220918173933.0
006 a|||||r|||| 00| 0
007 ta
008 220917b |||||||| |||| 00| 0 eng d
024 _a9,374
037 _cTextual
040 _aARTS
_cARTS
_beng
041 _2eng
_aeng
082 _a24(X:8):97, M6 (2D)
100 _aVernon Ken. ed
_948506
245 0 _aLibrary and information services of management development institutions
_b a practical guide
260 _aGeneva
_bInternational Labour Office
_c1986
300 _aix,122p Bibliography
_ccm.
490 _aManagement development series; 24
650 _aLIBRARY SCIENCE
942 _h24(X:8):97, M6 (2D)
_cTEXL
_2CC
999 _c151023
_d151023